| 000 | 00948nam a2200313Ia 4500 | ||
|---|---|---|---|
| 008 | |||
| 020 | _a9966874712 (pbk.) | ||
| 050 | 0 | 0 |
_aRC454 _bNDE |
| 100 | 1 | _aNdetei, David Musyimi. | |
| 245 | 1 | 4 |
_aThe African textbook of clinical psychiatry and mental health / _cDavid Musyimi Ndetei. |
| 246 | 1 | 8 | _aClinical psychiatry and mental health. |
| 260 |
_aNairobi : _bAMREF, _cc2006. |
||
| 300 |
_axv, 602 p. : _bill. ; _c30 cm. |
||
| 500 | _aIncludes index. | ||
| 504 | _aIncludes bibliographical references. | ||
| 650 | 0 |
_aPsychiatry _vTextbooks. |
|
| 650 | 0 |
_aPsychiatry _zAfrica _vTextbooks. |
|
| 650 | 2 | _aMental Disorders. | |
| 700 | 1 | _aSzabo, Christopher P. | |
| 700 | 1 | _aOkasha, Tarek. | |
| 700 | 1 | _aMburu, John. | |
| 700 | 1 | _aGakinya, Benson. | |
| 907 |
_a.b10264000 _b08-04-13 _c25-06-09 |
||
| 003 | |||
| 005 | 20230120204015.0 | ||
| 040 | _cNUST | ||
| 049 | _aMAIN | ||
| 942 | _cBOOKS | ||
| 999 |
_c115469 _d115469 |
||